Các quy định pháp luật về tài chính : văn bản 1998-1999.

Các quy định pháp luật về thuế và lệ phí; Các quy định về quản lý ngân sách Nhà nước; Các quy định về quản lý tài sản Nhà nước, tài chính doanh nghiệp, quỹ và hành chính sự nghiệp, tài chính đối ngoại...

Αποθηκεύτηκε σε:
Λεπτομέρειες βιβλιογραφικής εγγραφής
Μορφή: Βιβλίο
Γλώσσα:Vietnamese
Έκδοση: Hà Nội : Chính trị quốc gia, 1999.
Θέματα:
Ετικέτες: Προσθήκη ετικέτας
Δεν υπάρχουν, Καταχωρήστε ετικέτα πρώτοι!
Thư viện lưu trữ: Mạng thư viện Đại học Đà Nẵng
LEADER 01195cam a2200373 i 4500
001 000042313
003 187
005 20041028163513.0
008 010217b1999 vm 000 vie
020 |c 196000 
022 |a T 
040 |a IRC  |c IRC  |d IRC 
041 0 |a vie 
082 1 4 |a 343.03  |b Qu-Đ 
245 0 4 |a Các quy định pháp luật về tài chính :  |b văn bản 1998-1999. 
260 |a Hà Nội :  |b Chính trị quốc gia,  |c 1999. 
300 |a 1743 tr. ;  |c 24 cm. 
520 3 |a Các quy định pháp luật về thuế và lệ phí; Các quy định về quản lý ngân sách Nhà nước; Các quy định về quản lý tài sản Nhà nước, tài chính doanh nghiệp, quỹ và hành chính sự nghiệp, tài chính đối ngoại... 
630 0 4 |a Kinh tế. 
630 0 4 |a Tài chính. 
630 0 4 |a Pháp luật. 
650 0 4 |a Tài chính  |x Luật. 
650 0 4 |a Luật kinh tế. 
650 0 4 |a Thuế  |x Luật. 
OWN |a DUT 
999 |a From the UDN01 
TYP |a Monograph 
TYP |a Printed language 
980 |a Mạng thư viện Đại học Đà Nẵng